<?xml version="1.0" encoding="UTF-8"?>
<record
    xmlns:xsi="http://www.w3.org/2001/XMLSchema-instance"
    xsi:schemaLocation="http://www.loc.gov/MARC21/slim http://www.loc.gov/standards/marcxml/schema/MARC21slim.xsd"
    xmlns="http://www.loc.gov/MARC21/slim">

  <leader>00710nam a22002297a 4500</leader>
  <controlfield tag="003">3228</controlfield>
  <controlfield tag="005">20251110110320.0</controlfield>
  <controlfield tag="008">251110b        sa ||||| |||| 00| 0 eng d</controlfield>
  <datafield tag="020" ind1=" " ind2=" ">
    <subfield code="a">9781430806257</subfield>
    <subfield code="q">paperback</subfield>
  </datafield>
  <datafield tag="040" ind1=" " ind2=" ">
    <subfield code="a">mpl</subfield>
    <subfield code="c">3228</subfield>
    <subfield code="e">rda</subfield>
  </datafield>
  <datafield tag="041" ind1=" " ind2=" ">
    <subfield code="a">English</subfield>
  </datafield>
  <datafield tag="082" ind1=" " ind2="0">
    <subfield code="a">618.920071 POTG</subfield>
  </datafield>
  <datafield tag="100" ind1=" " ind2=" ">
    <subfield code="9">197624</subfield>
    <subfield code="a"> Potgieter, AE</subfield>
  </datafield>
  <datafield tag="245" ind1=" " ind2=" ">
    <subfield code="a">Child health. N4, Lecturer's guide</subfield>
    <subfield code="c"> Potgieter, A E</subfield>
  </datafield>
  <datafield tag="260" ind1=" " ind2=" ">
    <subfield code="a"> Northcliff: </subfield>
    <subfield code="b">Troupant Publishers, </subfield>
    <subfield code="c">2016.</subfield>
  </datafield>
  <datafield tag="300" ind1=" " ind2=" ">
    <subfield code="a">18 pages; </subfield>
    <subfield code="c">30 cm</subfield>
  </datafield>
  <datafield tag="490" ind1=" " ind2=" ">
    <subfield code="a">TVET first NATED series  TVET first NATED series.</subfield>
  </datafield>
  <datafield tag="500" ind1=" " ind2=" ">
    <subfield code="a">"In partnership with Macmillan Education."</subfield>
  </datafield>
  <datafield tag="521" ind1=" " ind2=" ">
    <subfield code="a">Textbooks.</subfield>
  </datafield>
  <datafield tag="700" ind1=" " ind2=" ">
    <subfield code="9">197627</subfield>
    <subfield code="a">Potgieter, AE </subfield>
    <subfield code="d">author</subfield>
  </datafield>
  <datafield tag="942" ind1=" " ind2=" ">
    <subfield code="2">ddc</subfield>
    <subfield code="c">BOOK</subfield>
    <subfield code="w">6786</subfield>
    <subfield code="x">Chimezie Obi</subfield>
    <subfield code="y">6786</subfield>
    <subfield code="z">Chimezie Obi</subfield>
  </datafield>
  <datafield tag="999" ind1=" " ind2=" ">
    <subfield code="c">788805</subfield>
    <subfield code="d">788804</subfield>
  </datafield>
  <datafield tag="952" ind1=" " ind2=" ">
    <subfield code="0">0</subfield>
    <subfield code="1">0</subfield>
    <subfield code="2">ddc</subfield>
    <subfield code="4">0</subfield>
    <subfield code="7">0</subfield>
    <subfield code="8">600</subfield>
    <subfield code="a">MBOMRL</subfield>
    <subfield code="b">HAZYL</subfield>
    <subfield code="c">GEN</subfield>
    <subfield code="d">2025-11-10</subfield>
    <subfield code="g">230.95</subfield>
    <subfield code="o">618.920071 POTG</subfield>
    <subfield code="p">3228200043619</subfield>
    <subfield code="r">2025-11-10</subfield>
    <subfield code="w">2025-11-10</subfield>
    <subfield code="y">BOOK</subfield>
  </datafield>
</record>
